[Event "World-chT Rapid"]
[Site "Dusseldorf"]
[Date "2023.08.28"]
[Round "12"]
[White "Dubov, Daniil"]
[Black "Berelowitsch, Alexander"]
[Result "1/2-1/2"]
[WhiteElo "2716"]
[BlackElo "2492"]
[PlyCount "140"]
[EventDate "2023.08.26"]
[EventType "team-swiss (rapid)"]
[EventRounds "12"]
[EventCountry "GER"]
[SourceTitle "CBM 215 Extra"]
[Source "ChessBase"]
[SourceDate "2023.09.30"]
[SourceVersion "1"]
[SourceVersionDate "2023.09.30"]
[SourceQuality "1"]
[WhiteTeam "Freedom"]
[BlackTeam "Duesseldorf"]
[WhiteTeamCountry "ROU"]
[BlackTeamCountry "GER"]

1. d4 d5 2. Nf3 c5 3. c4 e6 4. Bg5 Be7 5. Bxe7 Nxe7 6. cxd5 exd5 7. dxc5 0-0 8. g3 Qa5+ 9. Nbd2 Qxc5 10. Bg2 Nbc6 11. 0-0 Bf5 12. Nb3 Qb6 13. Nfd4 Be4 14. Rc1 Rfd8 15. e3 Ne5 16. Nc5 Bxg2 17. Kxg2 Rac8 18. Na4 Qb4 19. a3 Rxc1 20. axb4 Rxd1 21. Rxd1 Rc8 22. b5 b6 23. Ra1 Nc4 24. Nc3 Rc7 25. Nc6 Nxc6 26. Nxd5 Rd7 27. bxc6 Rxd5 28. c7 Nd6 29. Rxa7 Kf8 30. Ra8+ Ke7 31. c8Q Nxc8 32. Rxc8 Rd2 33. Rc7+ Ke8 34. b4 Rb2 35. Rc4 Ke7 36. g4 b5 37. Rd4 Ke6 38. h4 h6 39. h5 Ke5 40. Kg3 Ke6 41. f3 Ke5 42. f4+ Ke6 43. Kf3 Ke7 44. Ke4 Rb3 45. Kd5 Rxe3 46. Kc6 f5 47. gxf5 Rh3 48. Kxb5 Rxh5 49. Kc6 Rh1 50. b5 Rc1+ 51. Kb7 Rb1 52. b6 h5 53. Kc6 h4 54. Rd3 Kf6 55. Rh3 Rc1+ 56. Kb7 Kxf5 57. Rxh4 g6 58. Rh6 Rc4 59. Ka6 Rxf4 60. b7 Rb4 61. Rh4 Rxb7 62. Kxb7 g5 63. Rd4 g4 64. Kc6 g3 65. Kd5 g2 66. Rd1 Kf4 67. Kd4 Kf3 68. Kd3 Kf2 69. Rd2+ Kf3 70. Rxg2 Kxg2 1/2-1/2

[Event "World-chT Rapid"]
[Site "Dusseldorf"]
[Date "2023.08.28"]
[Round "10"]
[White "Wenninger, Philipp"]
[Black "Berelowitsch, Alexander"]
[Result "0-1"]
[WhiteElo "2374"]
[BlackElo "2492"]
[PlyCount "60"]
[EventDate "2023.08.26"]
[EventType "team-swiss (rapid)"]
[EventRounds "12"]
[EventCountry "GER"]
[SourceTitle "CBM 215 Extra"]
[Source "ChessBase"]
[SourceDate "2023.09.30"]
[SourceVersion "1"]
[SourceVersionDate "2023.09.30"]
[SourceQuality "1"]
[WhiteTeam "Heilbronn Hustlers"]
[BlackTeam "Duesseldorf"]
[WhiteTeamCountry "GER"]
[BlackTeamCountry "GER"]

1. d4 d5 2. c4 e6 3. Nc3 c5 4. cxd5 exd5 5. Nf3 Nc6 6. g3 Nf6 7. Bg2 Be7 8. 0-0 0-0 9. b3 Bg4 10. dxc5 Bxc5 11. Bb2 a6 12. h3 Bh5 13. g4 Bg6 14. e3 Ba7 15. Rc1 Re8 16. Nh4 d4 17. exd4 Bxd4 18. Nxg6 hxg6 19. Qd2 Qd6 20. Rcd1 Rad8 21. Qc1 Qe5 22. Kh1 Qc5 23. f4 Be3 24. Qb1 Bd2 25. Nd5 Rxd5 26. Bxf6 gxf6 27. Bxd5 Qxd5+ 28. Kg1 Re2 29. Rf2 Qd4 30. Rdf1 Be3 0-1

[Event "Erkenschwick Jubilee"]
[Site "Oer Erkenschwick"]
[Date "2023.08.09"]
[Round "6"]
[White "Koellner, Ruben Gideon"]
[Black "Berelowitsch, Alexander"]
[Result "0-1"]
[WhiteElo "2478"]
[BlackElo "2492"]
[PlyCount "72"]
[EventDate "2023.08.04"]
[EventType "tourn"]
[EventRounds "9"]
[EventCountry "GER"]
[EventCategory "6"]
[SourceTitle "EXT 2024"]
[Source "ChessBase"]
[SourceDate "2023.10.10"]
[SourceVersion "1"]
[SourceVersionDate "2023.10.10"]
[SourceQuality "1"]

1. d4 e6 2. Nf3 c5 3. c3 d5 4. e3 Nf6 5. Nbd2 Be7 6. Bd3 Nbd7 7. Ne5 Nxe5 8. dxe5 Nd7 9. f4 c4 10. Bc2 Nc5 11. 0-0 Bd7 12. b3 cxb3 13. axb3 Bb5 14. Rf3 Qc7 15. b4 Nd3 16. Nb3 Qxc3 17. Bd2 Qc4 18. Nd4 Bd7 19. b5 Nc5 20. Rc1 a5 21. Rg3 g6 22. Bb3 Nxb3 23. Rxc4 dxc4 24. Nxb3 cxb3 25. Qxb3 a4 26. Qa2 0-0 27. e4 a3 28. Bc1 Rfc8 29. Bxa3 Rc1+ 30. Kf2 Bc5+ 31. Ke2 Bxb5+ 32. Kd2 Rf1 33. Qb3 Rf2+ 34. Ke1 Rxa3 35. Qxa3 Re2+ 36. Kd1 Bxa3 0-1

[Event "Spakenburg FishPartners op"]
[Site "Spakenburg"]
[Date "2023.07.08"]
[Round "1"]
[White "Berelowitsch, Alexander"]
[Black "Heuveling, Gijs Cor"]
[Result "1-0"]
[WhiteElo "2492"]
[BlackElo "1884"]
[PlyCount "63"]
[EventDate "2023.07.08"]
[EventType "swiss (rapid)"]
[EventRounds "7"]
[EventCountry "NED"]
[SourceTitle "CBM 215 Extra"]
[Source "ChessBase"]
[SourceDate "2023.09.30"]
[SourceVersion "1"]
[SourceVersionDate "2023.09.30"]
[SourceQuality "1"]

1. e4 c5 2. Nf3 Nc6 3. d4 cxd4 4. Nxd4 e5 5. Nb5 a6 6. Nd6+ Bxd6 7. Qxd6 Qe7 8. Qxe7+ Ngxe7 9. c3 0-0 10. Nd2 d5 11. Be2 d4 12. Nc4 Be6 13. Nb6 Rab8 14. 0-0 h6 15. f4 f6 16. f5 Nc8 17. fxe6 Nxb6 18. Bh5 Ne7 19. cxd4 exd4 20. Bf4 Ra8 21. Bd6 Nbc8 22. Bc5 g6 23. Be2 Rd8 24. Rxf6 b6 25. Ba3 d3 26. Rd1 Nd6 27. Rxd3 Nxe4 28. Rxd8+ Rxd8 29. Bxe7 Rd2 30. Rf8+ Kg7 31. Rf7+ Kg8 32. Bf3 1-0

[Event "Bundesliga 2122"]
[Site "Germany"]
[Date "2022.07.09"]
[Round "14.2"]
[White "Stankovic, Milos"]
[Black "Berelowitsch, Alexander"]
[Result "1/2-1/2"]
[WhiteElo "2435"]
[BlackElo "2506"]
[PlyCount "52"]
[EventDate "2022.03.05"]
[EventType "team-tourn"]
[EventRounds "15"]
[EventCountry "GER"]
[SourceTitle "CBM 209 Extra"]
[Source "ChessBase"]
[SourceDate "2022.09.30"]
[SourceVersion "1"]
[SourceVersionDate "2022.09.30"]
[SourceQuality "1"]
[WhiteTeam "Augsburg"]
[BlackTeam "Duesseldorf"]
[WhiteTeamCountry "GER"]
[BlackTeamCountry "GER"]

1. e4 e6 2. d4 d5 3. Nc3 Bb4 4. Nge2 dxe4 5. a3 Bxc3+ 6. Nxc3 Nc6 7. Bb5 Nge7 8. Be3 0-0 9. Nxe4 f5 10. Ng5 f4 11. Bd2 Qd5 12. Bxc6 Nxc6 13. Nf3 e5 14. dxe5 Bh3 15. 0-0 Nxe5 16. Re1 Nxf3+ 17. Qxf3 Qxf3 18. gxf3 Rf5 19. Kh1 Rd8 20. Bc3 Kf7 21. Re4 Rg5 22. Rxf4+ Kg6 23. Re1 Bg2+ 24. Kg1 Bh3+ 25. Kh1 Bg2+ 26. Kg1 Bh3+ 1/2-1/2

[Event "BEL-chT 1920"]
[Site "Belgium"]
[Date "2019.11.17"]
[Round "4.1"]
[White "Vandenbussche, Thibaut"]
[Black "Berelowitsch, Alexander"]
[Result "1/2-1/2"]
[WhiteElo "2422"]
[BlackElo "2523"]
[PlyCount "114"]
[EventDate "2019.09.29"]
[EventType "team-tourn"]
[EventRounds "11"]
[EventCountry "BEL"]
[SourceTitle "CBM 195 Extra"]
[Source "ChessBase"]
[SourceDate "2020.05.31"]
[SourceVersion "1"]
[SourceVersionDate "2020.05.31"]
[SourceQuality "1"]
[WhiteTeam "KBSK Brugge"]
[BlackTeam "Eupen Rochade"]
[WhiteTeamCountry "BEL"]
[BlackTeamCountry "BEL"]

1. e4 e6 2. d4 d5 3. Nc3 Bb4 4. Nge2 dxe4 5. a3 Bxc3+ 6. Nxc3 Nc6 7. d5 exd5 8. Qxd5 Be6 9. Qxe4 Nf6 10. Qh4 Qe7 11. Be3 0-0-0 12. Be2 Nd5 13. Qxe7 Ndxe7 14. 0-0 Nf5 15. Bf4 Nfd4 16. Bd3 Bf5 17. Bxf5+ Nxf5 18. f3 Rhe8 19. Rf2 h6 20. Ne4 Nfd4 21. h4 Ne7 22. Be5 Nef5 23. Bxd4 Nxd4 24. Ng3 f5 25. c3 Nb3 26. Raf1 g6 27. h5 f4 28. Ne4 gxh5 29. Kh2 Re5 30. g3 fxg3+ 31. Kxg3 a5 32. Rh1 a4 33. Rfh2 Rdd5 34. Nf6 Rg5+ 35. Kf2 Rb5 36. Rxh5 Rxh5 37. Rxh5 Rxh5 38. Nxh5 Na5 39. Nf4 Nc4 40. Nd3 Kd7 41. Kg3 b6 42. Kg4 Ke6 43. Kf4 c5 44. Ke4 Nd6+ 45. Kf4 Nf7 46. Ke4 Ng5+ 47. Kf4 Kf6 48. Ne5 Nh3+ 49. Ke4 Nf2+ 50. Kf4 Ke6 51. Ng4 Nd3+ 52. Ke4 Nxb2 53. Nxh6 b5 54. f4 b4 55. cxb4 cxb4 56. axb4 a3 57. Nf5 a2 1/2-1/2

[Event "BEL-chT 1819"]
[Site "Belgium"]
[Date "2019.04.07"]
[Round "11.2"]
[White "Berelowitsch, Alexander"]
[Black "Leenhouts, Koen"]
[Result "1-0"]
[WhiteElo "2521"]
[BlackElo "2457"]
[PlyCount "71"]
[EventDate "2018.09.30"]
[EventType "team-tourn"]
[EventRounds "11"]
[EventCountry "BEL"]
[SourceTitle "CBM 189 Extra"]
[Source "ChessBase"]
[SourceDate "2019.06.03"]
[SourceVersion "1"]
[SourceVersionDate "2019.06.03"]
[SourceQuality "1"]
[WhiteTeam "KSK Rochade"]
[BlackTeam "KBSK Brugge"]
[WhiteTeamCountry "BEL"]
[BlackTeamCountry "BEL"]

1. e4 e5 2. Nf3 Nc6 3. Bb5 a6 4. Ba4 Nf6 5. 0-0 Be7 6. Re1 b5 7. Bb3 d6 8. c3 0-0 9. h3 Na5 10. Bc2 c5 11. d4 Nd7 12. Nbd2 exd4 13. cxd4 Nc6 14. dxc5 Nxc5 15. Nf1 Be6 16. Ne3 Bf6 17. Nd5 Rc8 18. Nxf6+ Qxf6 19. e5 Qd8 20. exd6 Nb4 21. Bb1 Nd5 22. Ng5 g6 23. b4 Na4 24. Ne4 Nac3 25. Nxc3 Nxc3 26. Qd2 Qf6 27. Bb2 Rfd8 28. Re3 Nxb1 29. Rxb1 Qf5 30. Rf1 Rc4 31. Rc1 Rxc1+ 32. Qxc1 f6 33. Rf3 Qd5 34. Rxf6 Qxd6 35. Qc3 Qd1+ 36. Kh2 1-0

[Event "Bundesliga 1819"]
[Site "Germany"]
[Date "2019.03.01"]
[Round "9.5"]
[White "Predojevic, Borki"]
[Black "Berelowitsch, Alexander"]
[Result "1-0"]
[WhiteElo "2626"]
[BlackElo "2520"]
[PlyCount "81"]
[EventDate "2018.11.10"]
[EventType "team-tourn"]
[EventRounds "15"]
[EventCountry "GER"]
[SourceTitle "CBM 189 Extra"]
[Source "ChessBase"]
[SourceDate "2019.06.03"]
[SourceVersion "1"]
[SourceVersionDate "2019.06.03"]
[SourceQuality "1"]
[WhiteTeam "Solingen"]
[BlackTeam "Duesseldorf"]
[WhiteTeamCountry "GER"]
[BlackTeamCountry "GER"]

1. e4 e6 2. d4 d5 3. Nd2 c5 4. Ngf3 Nc6 5. exd5 exd5 6. Bb5 Qe7+ 7. Be2 Nf6 8. 0-0 Qc7 9. dxc5 Bxc5 10. Nb3 Be7 11. Bg5 0-0 12. c3 Be6 13. Re1 Rae8 14. Bd3 Bg4 15. h3 Bh5 16. Bxf6 Bxf6 17. Rxe8 Rxe8 18. g4 Bg6 19. Bxg6 hxg6 20. Qxd5 Ne5 21. Nxe5 Rxe5 22. Qf3 a5 23. Nd4 a4 24. Rd1 Kh7 25. Kg2 Qe7 26. a3 Kg8 27. Rd2 Qd7 28. Qd1 Re4 29. Nf3 Qb5 30. Qf1 Qc6 31. Qd3 Re6 32. Qd7 Qxd7 33. Rxd7 b6 34. Ra7 Be7 35. Kf1 Bc5 36. Ra8+ Bf8 37. Rxa4 Rf6 38. Ng5 Rc6 39. Ra8 f6 40. Nf3 Kf7 41. Nd4 1-0

[Event "BEL-chT 1819"]
[Site "Belgium"]
[Date "2019.02.24"]
[Round "8.2"]
[White "Berelowitsch, Alexander"]
[Black "De Rover, Yong Hoon"]
[Result "1/2-1/2"]
[WhiteElo "2521"]
[BlackElo "2418"]
[PlyCount "96"]
[EventDate "2018.09.30"]
[EventType "team-tourn"]
[EventRounds "11"]
[EventCountry "BEL"]
[SourceTitle "CBM 189 Extra"]
[Source "ChessBase"]
[SourceDate "2019.06.03"]
[SourceVersion "1"]
[SourceVersionDate "2019.06.03"]
[SourceQuality "1"]
[WhiteTeam "KSK Rochade"]
[BlackTeam "Wachtebeke"]
[WhiteTeamCountry "BEL"]
[BlackTeamCountry "BEL"]

1. e4 c5 2. c3 Nf6 3. e5 Nd5 4. d4 cxd4 5. cxd4 d6 6. Nf3 e6 7. Bc4 Nc6 8. 0-0 Be7 9. exd6 Qxd6 10. Nc3 0-0 11. Re1 Nf6 12. Bb3 Rd8 13. Nb5 Qd7 14. Bf4 a6 15. Nc7 Ra7 16. d5 exd5 17. Rc1 Bd6 18. Bxd6 Qxd6 19. Nxd5 h6 20. Ne3 Qf4 21. Qc2 Ra8 22. Qc4 Qxc4 23. Nxc4 Rb8 24. Nce5 Nxe5 25. Nxe5 Be6 26. Bxe6 fxe6 27. g3 Rbc8 28. Rxc8 Rxc8 29. Re2 Nd5 30. h4 Rc1+ 31. Kg2 Kf8 32. Nd3 Rc6 33. Re4 a5 34. Kf3 b6 35. Ke2 Ke7 36. Kd2 Kd6 37. Nf4 Nxf4 38. Rxf4 Ke7 39. Kd3 Rc1 40. Rc4 Rf1 41. Rf4 g5 42. hxg5 hxg5 43. Rf3 g4 44. Ke2 Ra1 45. Ra3 Kf6 46. Ke3 Kf5 47. Rb3 Rxa2 48. Rxb6 a4 1/2-1/2

[Event "NED-chT 1819"]
[Site "Netherlands"]
[Date "2018.12.15"]
[Round "5.2"]
[White "Buckels, Valentin"]
[Black "Berelowitsch, Alexander"]
[Result "1/2-1/2"]
[WhiteElo "2412"]
[BlackElo "2526"]
[PlyCount "197"]
[EventDate "2018.09.15"]
[EventType "team-tourn"]
[EventRounds "9"]
[EventCountry "NED"]
[SourceTitle "CBM 187 Extra"]
[Source "ChessBase"]
[SourceDate "2018.11.04"]
[SourceVersion "1"]
[SourceVersionDate "2018.11.04"]
[SourceQuality "1"]
[WhiteTeam "Zuid Limburg"]
[BlackTeam "En Passant"]
[WhiteTeamCountry "NED"]
[BlackTeamCountry "NED"]

1. d4 d5 2. c4 e5 3. dxe5 d4 4. Nf3 Nc6 5. a3 Nge7 6. b4 Ng6 7. Bb2 a5 8. b5 Ncxe5 9. Nxe5 Nxe5 10. e3 Be6 11. Bxd4 Nxc4 12. Qc2 Nd6 13. Bd3 Qg5 14. 0-0 Nxb5 15. Bxb5+ Qxb5 16. Qxc7 Rc8 17. Qg3 f6 18. Nc3 Qc6 19. a4 Bd6 20. f4 0-0 21. Nb5 Bc5 22. f5 Bd7 23. Rac1 Qb6 24. Rb1 Bxd4 25. Nxd4 Qc7 26. Qf3 b6 27. Qd5+ Kh8 28. Rf2 Bxa4 29. Ne6 Qf7 30. Qa2 b5 31. Nxf8 Qxf8 32. Qd2 b4 33. Ra1 Qe8 34. Qd4 Bb5 35. Rd2 h6 36. h3 a4 37. Qxb4 Qxe3+ 38. Kh1 Rc5 39. Rd8+ Kh7 40. Qg4 Be8 41. Rad1 a3 42. R8d3 Qg5 43. Rxa3 Rxf5 44. Qe4 Qg6 45. Qa8 Re5 46. Rd8 Qc2 47. Rc8 Qd2 48. Kh2 Qf4+ 49. Rg3 Re3 50. Qb8 Qxb8 51. Rxb8 Rxg3 52. Kxg3 Bc6 53. h4 h5 54. Rc8 Be4 55. Rc4 Bb7 56. Rc2 Kg6 57. Kf4 Bd5 58. Re2 Bc6 59. Rd2 Bb7 60. g4 hxg4 61. Kxg4 Bc8+ 62. Kf4 Be6 63. Rd8 Kf7 64. h5 Ke7 65. Ra8 Kf7 66. Rh8 Ke7 67. Ke4 Bg4 68. Kd5 Bf3+ 69. Kc5 Ke6 70. Rh7 Ke5 71. Rxg7 Bxh5 72. Re7+ Kf5 73. Kd6 Kg6 74. Ra7 Be2 75. Ke7 f5 76. Ra2 Bg4 77. Ke6 f4+ 78. Ke5 f3 79. Kf4 Bh5 80. Ra6+ Kg7 81. Kg5 Bf7 82. Rd6 Bc4 83. Rd7+ Bf7 84. Rd3 f2 85. Rf3 f1Q 86. Rxf1 Bc4 87. Rc1 Bd5 88. Rc7+ Kh8 89. Kg6 Be4+ 90. Kf6 Kg8 91. Rg7+ Kh8 92. Kf7 Bd5+ 93. Kf8 Be4 94. Rg4 Bc2 95. Rc4 Bb1 96. Rc1 Be4 97. Re1 Bd3 98. Rh1+ Bh7 99. Rh6 1/2-1/2

[Event "Bundesliga 1617"]
[Site "Germany"]
[Date "2017.04.29"]
[Round "13.1"]
[White "Rapport, Richard"]
[Black "Berelowitsch, Alexander"]
[Result "1-0"]
[WhiteElo "2729"]
[BlackElo "2528"]
[PlyCount "81"]
[EventDate "2016.10.15"]
[EventType "team-tourn"]
[EventRounds "15"]
[EventCountry "GER"]
[SourceTitle "CBM 178"]
[Source "ChessBase"]
[SourceDate "2017.05.14"]
[SourceVersion "1"]
[SourceVersionDate "2017.05.14"]
[SourceQuality "1"]
[WhiteTeam "Solingen"]
[BlackTeam "Muelheim"]
[WhiteTeamCountry "GER"]
[BlackTeamCountry "GER"]

1. e4 e6 2. d4 d5 3. e5 c5 4. c3 Nc6 5. Nf3 Bd7 6. Be2 Nge7 7. Na3 Nf5 8. Nc2 cxd4 9. cxd4 Qb6 10. 0-0 Nb4 11. Ne3 Nxe3 12. fxe3 Be7 13. a3 Nc6 14. b4 Nd8 15. Ne1 0-0 16. Nd3 Bb5 17. Bd2 f5 18. exf6 Bxf6 19. Nc5 Bxe2 20. Qxe2 Rf7 21. Qg4 Qb5 22. Rac1 Rc8 23. a4 Qe8 24. b5 Rcc7 25. h3 e5 26. e4 b6 27. exd5 bxc5 28. d6 Rcd7 29. dxc5 Ne6 30. Be3 Rf8 31. Qb4 Qd8 32. Qc4 Re8 33. Rcd1 Kh8 34. Bc1 Nd4 35. Ba3 Qc8 36. c6 Red8 37. Qd5 Re7 38. d7 Rexd7 39. cxd7 Rxd7 40. Qe4 h6 41. Rc1 1-0